Statistiques concernant Nommez Toutes les Communes Nouvelles de France

Cliquez ici pour prendre le quiz!

Statistiques générales

  • Ce quiz a été pris 26 fois
  • Le résultat moyen est 18 sur 804

Réponses sur la Carte

Les réponses sont colorées sur une échelle allant du rouge au vert en fonction du pourcentage des utilisateurs qui les ont devinées à leur premier essai. Vous pouvez retrouver ces pourcentages ci-dessous.
 

Statistiques - réponses

PopulationCommune Nouvelle% Correct
241Le Val
60%
131 715Annecy
40%
66 177Évry-Courcouronnes
35%
48 402Les Sables-d'Olonne
35%
16 295Valserhône
35%
23 639Beaupréau-en-Mauges
30%
21 386Chemillé-en-Anjou
30%
77 808Cherbourg-en-Cotentin
30%
20 605Montaigu-Vendée
30%
25 806Sèvremoine
30%
44 380Saint-Germain-en-Laye
25%
17 699Segré-en-Anjou Bleu
25%
4 421Aime-la-Plagne
20%
11 228Doué-en-Anjou
20%
3 814La Plagne Tarentaise
20%
6 719Le Controis-en-Sologne
20%
18 331Mauges-sur-Loire
20%
37 628Oullins-Pierre-Bénite
20%
11 099Ancenis-Saint-Géréon
15%
11 757Baugé-en-Anjou
15%
1 625Baugy
15%
16 710Château-Gontier-sur-Mayenne
15%
5 609Cloyes-les-Trois-Rivières
15%
895Dévoluy
15%
11 223La Hague
15%
2 772L'Aiguillon-la-Presqu'île
15%
16 845Lamballe-Armor
15%
5 254Le Lion-d'Angers
15%
5 391Les Achards
15%
7 724Lys-Haut-Layon
15%
6 175Marennes-Hiers-Brouage
15%
5 805Montval-sur-Loir
15%
5 501Noyant-Villages
15%
8 859Ombrée d'Anjou
15%
2 067Val-Cenis
15%
519Vallée-de-Ronsard
15%
17 135Vire Normandie
15%
7 069Aubigny-les-Clouzeaux
10%
3 697Audierne
10%
10 240Avranches
10%
3 393Beauce la Romaine
10%
1 765Beaumont-Louestault
10%
4 168Beaussais-sur-Mer
10%
6 235Bellevigny
10%
10 895Brissac Loire Aubance
10%
7 184Chaumes-en-Retz
10%
2 735Cherré-Au
10%
6 157Condé-en-Normandie
10%
1 879Coteaux-sur-Loire
10%
2 311Courchevel
10%
3 389Crêts en Belledonne
10%
14 675Dinan
10%
8 454Epagny Metz-Tessy
10%
6 807Essarts en Bocage
10%
7 687Jaunay-Marigny
10%
4 335Langeais
10%
6 413Le Mené
10%
3 472Les Belleville
10%
2 256Les Portes du Coglais
10%
16 416Loire-Authion
10%
2 086Loir en Vallée
10%
7 642Machecoul-Saint-Même
10%
5 097Maen Roch
10%
5 904Melle
10%
4 422Mesnil-Roc'h
10%
1 085Mont Lozère et Goulet
10%
15 755Montrevault-sur-Èvre
10%
3 794Montréverd
10%
3 645Montrichard Val de Cher
10%
16 709Orée d'Anjou
10%
10 387Port-Jérôme-sur-Seine
10%
2 068Rives-d'Autise
10%
4 245Rives de l'Yon
10%
5 747Saint-Hilaire-du-Harcouët
10%
6 391Sèvremont
10%
1 693Tauxigny-Saint-Bauld
10%
2 168Terval
10%
14 000Thouars
10%
788Ubaye-Serre-Ponçon
10%
3 369Val-au-Perche
10%
4 102Val-Couesnon
10%
7 996Val de Briey
10%
382Abriès-Ristolas
5%
3 287Airvault
5%
3 437Aix-Villemaur-Pâlis
5%
2 200Arcisses
5%
1 134Auchay-sur-Vendée
5%
1 951Bazouges Cré sur Loir
5%
6 994Beaufort-en-Anjou
5%
142Beaulieu
5%
6 881Binic-Étables-sur-Mer
5%
2 225Bois-de-Haye
5%
3 058Boivre-la-Vallée
5%
1 241Bon Repos sur Blavet
5%
10 220Carentan-les-Marais
5%
5 506Chanverrie
5%
3 964Châtelaudren-Plouagat
5%
650Châtillon-en-Diois
5%
3 577Commune nouvelle d'Arrou
5%
4 106Condé-sur-Vire
5%
2 722Confolens
5%
985Coteaux-du-Blanzacais
5%
1 028Couëtron-au-Perche
5%
68Cussey-sur-Lison
5%
1 247Dangeau
5%
1 748Doix lès Fontaines
5%
6 329Entrelacs
5%
2 160Entre-Vignes
5%
1 242Éole-en-Beauce
5%
5 780Erdre-en-Anjou
5%
8 508Évron
5%
1 629Eyraud-Crempse-Maurens
5%
7 581Faverges-Seythenex
5%
9 547Fillière
5%
2 130Forges de Lanouée
5%
8 464Gennes-Val-de-Loire
5%
3 809Grand-Aigueblanche
5%
2 498Guerlédan
5%
7 202Guipry-Messac
5%
609Haut Valromey
5%
3 570Isigny-sur-Mer
5%
2 785Jarzé Villages
5%
2 529Jugon-les-Lacs - Commune nouvelle
5%
3 993La Gacilly
5%
2 569La Léchère
5%
2 657La Roche-Jaudy
5%
1 058La Sure en Chartreuse
5%
2 333Lavans-lès-Saint-Claude
5%
30 924Le Chesnay-Rocquencourt
5%
4 048Le Lude
5%
8 412Le Malesherbois
5%
911Le Parc
5%
6 576Les Abrets en Dauphiné
5%
7 740Les Avenières Veyrins-Thuellin
5%
1 933Les Deux Alpes
5%
3 739Les Moulins
5%
1 372Les Velluire-sur-Vendée
5%
3 938Les Villages Vovéens
5%
6 158Livarot-Pays-d'Auge
5%
7 517Loireauxence
5%
4 649Milizac-Guipronvel
5%
1 812Montcuq-en-Quercy-Blanc
5%
1 770Mouilleron-Saint-Germain
5%
1 674Oucques La Nouvelle
5%
800Parcoul-Chenaud
5%
2 300Peyre en Aubrac
5%
2 415Plateau-des-Petites-Roches
5%
4 807Plateau d'Hauteville
5%
4 112Plœuc-L'Hermitage
5%
2 406Plouguenast-Langast
5%
5 057Plouigneau
5%
1 940Plounéour-Brignogan-plages
5%
9 848Pont-Audemer
5%
4 953Pont-l’Évêque
5%
4 334Pontorson
5%
7 316Pordic
5%
1 462Poullaouen
5%
3 084Rion-des-Landes
5%
2 911Rives-du-Couesnon
5%
1 507Rives-du-Fougerais
5%
5 641Rives-du-Loir-en-Anjou
5%
1 414Saint Aulaye-Puymangou
5%
2 080Saint-Bonnet-en-Champsaur
5%
2 129Saint-Denis-Lanneray
5%
2 192Saint Geniez d'Olt et d'Aubrac
5%
1 312Saint-Gérand-Croixanvec
5%
5 620Saint-Martin-la-Pallu
5%
3 641Saint-Maur
5%
1 157Saint-Offenge
5%
3 089Saint-Thégonnec Loc-Eguiner
5%
4 062Sévérac d'Aveyron
5%
1 221Sigoulès-et-Flaugeac
5%
1 926Talloires-Montmin
5%
3 918Terranjou
5%
3 829Terres-de-Haute-Charente
5%
8 403Theix-Noyalo
5%
1 743Tuffalun
5%
1 319Val Buëch-Méouge
5%
3 932Val d'Anast
5%
1 390Val de Chaise
5%
1 365Val des Vignes
5%
522Val-d'Étangson
5%
213Valdoule
5%
3 464Val-du-Layon
5%
4 368Valence-en-Poitou
5%
2 315Valencisse
5%
858Vallées-d'Antraigues-Asperjoc
5%
2 418Valloire-sur-Cisse
5%
6 559Vallons-de-l'Erdre
5%
1 132Vallouise-Pelvoux
5%
1 342Valromey-sur-Séran
5%
7 305Verneuil d'Avre et d'Iton
5%
7 775Verrières-en-Anjou
5%
3 364Veuzain-sur-Loire
5%
2 586Villages du Lac de Paladru
5%
3 851Villedieu-les-Poêles-Rouffigny
5%
1 325Villemaury
5%
5 003Villeneuve-en-Retz
5%
4 660Aigondigné
0%
1 597Aigre
0%
903Alloinay
0%
1 194Amfreville-Saint-Amand
0%
614Ance Féas
0%
1 490Ancy-Dornot
0%
2 549Anizy-le-Grand
0%
1 861Arandon-Passins
0%
667Arboys en Bugey
0%
2 518Arelaune-en-Seine
0%
1 595Argences en Aubrac
0%
2 869Argentat-sur-Dordogne
0%
3 213Argentonnay
0%
1 131Arinthod
0%
1 187Arlay
0%
609Aromas
0%
713Arvière-en-Valromey
0%
1 760Aspach-Michelbach
0%
4 216Athis-Val de Rouvre
0%
730Aubessagne
0%
932Aulhat-Flat
0%
153Aulos-Sinsat
0%
565Aunac-sur-Charente
0%
6 288Auneau-Bleury-Saint-Symphorien
0%
2 875Auneuil
0%
709Aure sur Mer
0%
1 903Aurseulles
0%
1 484Authon-du-Perche
0%
3 075Autrans-Méaudre en Vercors
0%
865Avernes
0%
5 197Aÿ-Champagne
0%
4 065Bâgé-Dommartin
0%
2 407Bagnoles de l'Orne Normandie
0%
1 022Bairon et ses environs
0%
1 331Balleroy-sur-Drôme
0%
2 266Ballon-Saint Mars
0%
1 072Banassac-Canilhac
0%
702Barguelonne-en-Quercy
0%
4 363Bassillac et Auberoche
0%
2 502Bazeilles
0%
524Bazoches-et-Saint-Thibaut
0%
1 444Beaufort-Orbagna
0%
1 300Beaulieu-sur-Dordogne
0%
1 767Beaumontois en Périgord
0%
2 947Beaumont Saint-Cyr
0%
954Beaussais-Vitré
0%
2 035Beautheil-Saints
0%
4 135Beauvallon
0%
446Bédouès-Cocurès
0%
547Bel-Air-Val-d'Ance
0%
1 491Belforêt-en-Perche
0%
1 201Bellefont-La Rauze
0%
701Bellegarde-Marsal
0%
543Belle Vie en Auge
0%
1 278Bellevigne
0%
5 826Bellevigne-en-Layon
0%
3 463Bellevigne-les-Châteaux
0%
13 542Belleville-en-Beaujolais
0%
1 087Bellinghem
0%
547Belsentes
0%
136Benqué-Molère
0%
794Bernay-Neuvy-en-Champagne
0%
855Bernoy-le-Château
0%
1 210Bernwiller
0%
734Beugnon-Thireuil
0%
227Beyrède-Jumet-Camous
0%
467Bézac
0%
1 263Bierné-les-Villages
0%
454Blaignan-Prignac
0%
1 302Blaison-Saint-Sulpice
0%
3 182Blancs-Coteaux
0%
559Blandouet-Saint Jean
0%
1 181Boischampré
0%
661Boisné-La Tude
0%
437Bonnay-Saint-Ythaire
0%
675Bonnières
0%
213Bordes-Uchentein
0%
4 785Bornel
0%
3 786Bosroumois
0%
1 060Bouclans
0%
10 697Boulazac Isle Manoire
0%
1 442Bourgogne-Fresne
0%
2 078Bourgs sur Colagne
0%
3 312Bourgvallées
0%
760Bourmont-entre-Meuse-et-Mouzon
0%
1 343Bourneville-Sainte-Croix
0%
3 721Brantôme en Périgord
0%
1 746Bray-Saint-Aignan
0%
666Bréau-Mars
0%
2 380Bresse Vallons
0%
4 287Breteuil
0%
5 867Bricquebec-en-Cotentin
0%
8 172Brunstatt-Didenheim
0%
615Buais-Les-Monts
0%
2 805Buchy
0%
1 310Cambremer
0%
1 734Canisy
0%
289Cans et Cévennes
0%
8 513Capavenir Vosges
0%
3 043Carentoir
0%
280Carnoy-Mametz
0%
1 186Castelnau d'Auzan Labarrère
0%
1 835Castelnau Montratier-Sainte Alauzie
0%
808Castels et Bézenac
0%
1 513Castets et Castillon
0%
1 707Castine-en-Plaine
0%
2 417Caumont-sur-Aure
0%
3 858Celles-sur-Belle
0%
1 390Cesny-les-Sources
0%
785Cessières-Suzy
0%
4 249Chabanière
0%
893Chailloué
0%
449Chalmazel-Jeansagnière
0%
1 792Chambaron-sur-Morge
0%
1 373Chambois
0%
645Champdor-Corcelles
0%
1 914Champigny en Rochereau
0%
206Chantepérier
0%
762Charencey
0%
4 807Charny Orée de Puisaye
0%
1 128Chassal-Molinges
0%
10 518Châteaugiron
0%
491Châtel-en-Trièves
0%
1 188Chazey-Bons
0%
2 390Chef-Boutonne
0%
2 114Chemaudin et Vaux
0%
523Chémery-Chéhéry
0%
341Chenillé-Champteussé
0%
1 654Chenoise-Cucharmoy
0%
2 468Clef Vallée d'Eure
0%
305Clux-Villeneuve
0%
895Cœur de Causse
0%
648Cœur-de-la-Vallée
0%
564Colligny-Maizery
0%
1 062Collonges-et-Premières
0%
679Colombey les Deux Églises
0%
1 306Colomby-Anguerny
0%
608Coly-Saint-Amand
0%
653Commeny
0%
1 573Conques-en-Rouergue
0%
1 509Cormicy
0%
213Cormot-Vauchignon
0%
199Corquoy
0%
2 168Coteaux du Lizon
0%
789Courcôme
0%
584Cour-Maugis sur Huisne
0%
4 352Cours
0%
1 223Coux et Bigaroque-Mouzens
0%
1 140Cressensac-Sarrazac
0%
2 266Creully sur Seulles
0%
1 104Cubjac-Auvézère-Val d'Ans
0%
3 426Culoz-Béon
0%
1 319Dampierre
0%
509Demange-Baudignécourt
0%
1 914Deux-Grosnes
0%
1 266Deux Rivières
0%
823Dhuys et Morin-en-Brie
0%
1 012Dialan sur Chaîne
0%
7 057Divatte-sur-Loire
0%
1 207Domblans
0%
4 155Domfront en Poiraie
0%
79Douaumont-Vaux
0%
1 355Douchy-Montcorbon
0%
2 166Douzy
0%
3 188Druelle Balsac
0%
2 828Ducey-Les Chéris
0%
1 487Éclose-Badinières
0%
2 197Écouché-les-Vallées
0%
1 664Écouves
0%
1 607Enquin-lez-Guinegatte
0%
158Épizon
0%
126Esplantas-Vazeilles
0%
1 045Essouvert
0%
1 618Étalans
0%
595Étinehem-Méricourt
0%
3 415Évellys
0%
1 569Flancourt-Crescy-en-Roumois
0%
1 695Flize
0%
427Floirac
0%
2 096Florac Trois Rivières
0%
1 211Fontain
0%
498Fontenoy-le-Château
0%
793Fontivillié
0%
940Fontrieu
0%
3 702Forges-les-Eaux
0%
2 105Formerie
0%
752Formigny La Bataille
0%
3 780Fougerolles-Saint-Valbert
0%
1 456Fragnes-La Loyère
0%
1 702Frenelles-en-Vexin
0%
2 889Fresnay-sur-Sarthe
0%
1 437Fursac
0%
522Garde-Colombe
0%
341Gavarnie-Gèdre
0%
2 004Gavray-sur-Sienne
0%
387Geiswiller-Zœbersdorf
0%
986Genac-Bignac
0%
1 344Gennes-Longuefuye
0%
4 119Ghyvelde
0%
1 827Glières-Val-de-Borne
0%
675Gommerville
0%
1 508Gonneville-Le Theil
0%
901Gorges du Tarn Causses
0%
3 660Gouffern en Auge
0%
1 254Goupil-Othon
0%
1 309Goussainville
0%
3 254Gouville-sur-Mer
0%
4 025Grand Bourgtheroulde
0%
632Grande-Rivière Château
0%
2 629Grandparigny
0%
508Grandpré
0%
2 590Granges-Aumontzey
0%
1 238Groslée-Saint-Benoit
0%
724Guillon-Terre-Plaine
0%
855Haut-Bocage
0%
976Hauteroche
0%
5 167Hauts de Bienne
0%
10 478Héricourt
0%
4 042Hochfelden
0%
1 139Hombleux
0%
1 311Huillé-Lézigné
0%
695Hypercourt
0%
1 244Illtal
0%
3 070Ingrandes-le-Fresne-sur-Loire
0%
2 512Janville-en-Beauce
0%
1 681Juvigny les Vallées
0%
2 114Juvigny Val d'Andaine
0%
4 401Kaysersberg Vignoble
0%
749La Baronnie
0%
592La Chailleuse
0%
369Lachamp-Ribennes
0%
1 025La Chapelle du Lou du Lac
0%
2 409La Chapelle-Fleurigné
0%
3 290La Chapelle-Longueville
0%
544La Corne en Vexin
0%
1 035Lacq
0%
1 194La Devise
0%
1 058La Drenne
0%
2 993La Ferté-en-Ouche
0%
5 116La Ferté-Macé
0%
946Lagarde-Marc-la-Tour
0%
1 553Laguenne-sur-Avalouze
0%
3 971La Haye
0%
2 155Laissac-Sévérac l'Église
0%
2 140Laize-Clinchamps
0%
150La Jemaye-Ponteyraud
0%
2 169La Porte du Der
0%
4 002La Rochefoucauld-en-Angoumois
0%
1 214La Roche-Neuville
0%
518La Romaine
0%
1 110La Selle-sur-le-Bied
0%
1 606Lasserre-Pradère
0%
555La Tour-Blanche-Cercles
0%
1 087La Tour-en-Maurienne
0%
1 181La Vespière-Friardel
0%
658La Vieille-Lyre
0%
652La Vineuse sur Fregande
0%
1 572La Vôge-les-Bains
0%
1 593Le Bas Ségala
0%
1 309Le Bosc du Theil
0%
1 772Le Castelet
0%
389Le Grippon
0%
435Le Haut-Bréda
0%
867Le Haut Soultzbach
0%
3 593Le Hom
0%
688Le Lesme
0%
3 364Le Mérévillois
0%
184Le Mesnil-Saint-Jean
0%
1 139Le Montsaugeonnais
0%
624Lendou-en-Quercy
0%
1 229Le Perrey
0%
746Le Poizat-Lalleyriat
0%
1 278Le Rouget-Pers
0%
611Le Rousset-Marizy
0%
2 510Les Auxons
0%
2 543Les Bois d'Anjou
0%
459Les Châteliers
0%
556Les Coteaux Périgourdins
0%
1 121Les Eyzies
0%
4 631Les Garennes sur Loire
0%
8 727Les Hauts-d'Anjou
0%
1 344Les Hauts-de-Caux
0%
499Les Hauts de Forterre
0%
543Les Hauts Talican
0%
1 735Les Monts d'Andaine
0%
4 554Les Monts d'Aunay
0%
1 571Les Monts du Roumois
0%
668Les Monts-Ronds
0%
310Les Pechs du Vers
0%
1 560Les Premiers Sapins
0%
2 248Lessay
0%
1 215Les Septvallons
0%
765Les Trois Châteaux
0%
1 742Les Trois Lacs
0%
1 003Les Vallées de la Vanne
0%
1 677Le Teilleul
0%
3 775Le Thuit de l'Oison
0%
5 194Le Val d'Hazey
0%
556Le Val d'Ocre
0%
885Le Val-Doré
0%
270Le Val-Larrey
0%
786Le Vernet-Chaméane
0%
2 287Levier
0%
970Le Vignon-en-Quercy
0%
2 842Levroux
0%
705Lignières-Ambleville
0%
208Linard-Malval
0%
2 732Loiron-Ruillé
0%
1 148Longeault-Pluvault
0%
2 878Longny les Villages
0%
6 334Longuenée-en-Anjou
0%
752L'Orée-d'Écouves
0%
2 599Loretz-d'Argenton
0%
323Loudenvielle
0%
1 818Luitré-Dompierre
0%
655Magnieu
0%
1 174Mainxe-Gondeville
0%
8 027Malemort
0%
570Malherbe-sur-Ajon
0%
602Manderen-Ritzing
0%
2 105Mansle-les-Fontaines
0%
1 308Marbois
0%
1 446Marchaux-Chaudefontaine
0%
585Marchélepot-Misery
0%
728Marcillé
0%
2 303Mareuil en Périgord
0%
2 831Margaux-Cantenac
0%
2 746Marigny-Le-Lozon
0%
2 061Marolles-les-Braults
0%
3 653Masevaux-Niederbruck
0%
936Massegros Causses Gorges
0%
5 815Mazé-Milon
0%
901Meaulne-Vitray
0%
2 841Mercurol-Veaunes
0%
1 405Meroux-Moval
0%
1 080Méry-Bissières-en-Auge
0%
4 452Mesnil-en-Ouche
0%
6 145Mesnils-sur-Iton
0%
9 579Mézidon Vallée d'Auge
0%
167Mièges
0%
864Mignovillard
0%
799Mittainvilliers-Vérigny
0%
5 085Moncoutant-sur-Sèvre
0%
636Montaignac-sur-Doustre
0%
6 410Montauban-de-Bretagne
0%
1 328Montchevreuil
0%
2 772Montholon
0%
566Montillières-sur-Orne
0%
222Montlainsia
0%
719Montmérac
0%
2 468Montmoreau
0%
1 236Monts-de-Randon
0%
646Montsecret-Clairefougère
0%
1 426Montsenelle
0%
873Monts-sur-Orne
0%
3 193Montsûrs
0%
3 682Morannes sur Sarthe-Daumeray
0%
4 989Morcenx-la-Nouvelle
0%
12 581Moret-Loing-et-Orvanne
0%
2 943Mortain-Bocage
0%
1 134Mortrée
0%
985Mosnac-Saint-Simeux
0%
1 088Moulins en Bessin
0%
793Moulins-sur-Tardoire
0%
3 378Moult-Chicheboville
0%
2 234Mouzon
0%
1 437Moyon Villages
0%
1 792Murat
0%
3 208Mur-sur-Allier
0%
775Nanchez
0%
2 329Nassandres sur Risle
0%
371Naussac-Fontanes
0%
658Navour-sur-Grosne
0%
3 146Neuilly-Crimolois
0%
1 653Neussargues en Pinatelle
0%
1 704Neuvéglise-sur-Truyère
0%
832Nivigne et Suran
0%
605Nonette-Orsonnette
0%
707Notre-Dame-de-la-Mer
0%
197Notre-Dame-d'Estrées-Corbon
0%
4 285Noues de Sienne
0%
1 159Ô-de-Selle
0%
1 762Ogy-Montoy-Flanville
0%
868Ornacieux-Balbins
0%
4 422Ornans
0%
1 197Orval sur Sienne
0%
272Osmery
0%
958Osselle-Routelle
0%
5 001Pacy-sur-Eure
0%
1 026Palmas d'Aveyron
0%
713Parsac-Rimondeix
0%
955Parves et Nattages
0%
1 162Passais Villages
0%
1 322Pays de Belvès
0%
1 146Pays-de-Clerval
0%
772Pechs-de-l'Espérance
0%
258Péguilhan
0%
2 001Perche en Nocé
0%
2 614Percy-en-Normandie
0%
9 625Petit-Caux
0%
3 237Picauville
0%
3 120Piré-Chancé
0%
984Plaine-d'Argenson
0%
2 351Plaine-et-Vallées
0%
9 879Ploërmel
0%
4 438Pluméliau-Bieuzy
0%
545Pont de Montvert - Sud Mont Lozère
0%
1 907Pont-Hébert
0%
1 209Ponts sur Seulles
0%
2 534Port-Bail-sur-Mer
0%
500Porte-de-Benauge
0%
3 887Porte-de-Savoie
0%
2 071Porte-des-Bonnevaux
0%
208Porte-de-Seine
0%
3 975Porte des Pierres Dorées
0%
547Porte-du-Quercy
0%
1 856Porte du Ried
0%
945Prailles-La Couarde
0%
1 380Prée-d'Anjou
0%
2 295Pré-en-Pail-Saint-Samson
0%
255Prinsuéjols-Malbouzon
0%
1 316Provenchères-et-Colroy
0%
2 125Putanges-le-Lac
0%
732Puycapel
0%
3 540Puygouzon
0%
1 786Quettehou
0%
3 188Quettreville-sur-Sienne
0%
3 066Quillan
0%
782Réaux sur Trèfle
0%
1 896Rémalard en Perche
0%
1 058Remilly Les Marais
0%
495Rezonville-Vionville
0%
1 702Riscle
0%
2 924Rives d'Andaine
0%
1 314Rives Dervoises
0%
4 078Rives-en-Seine
0%
1 259Romagny Fontenay
0%
271Roquetaillade-et-Conilhac
0%
2 508Rots
0%
2 925Rouillac
0%
1 976Rountzenheim-Auenheim
0%
1 983Sablons sur Huisne
0%
2 520Saint-Amand-Villages
0%
1 228Saint Antoine l'Abbaye
0%
842Saint-Augustin
0%
384Saint-Béat-Lez
0%
256Saint Bonnet-Laval
0%
568Saint-Constant-Fournoulès
0%
2 586Saint-Crépin-Ibouvillers
0%
536Saint-Diéry
0%
1 125Saint-Dizier-Masbaraud
0%
585Sainte-Marie-d'Attez
0%
2 965Sainte-Mère-Église
0%
1 224Sainte-Suzanne-et-Chammes
0%
544Saint François Longchamp
0%
2 962Saint-Genix-les-Villages
0%
2 245Saint-Germain-Nuelles
0%
909Saint Géry-Vers
0%
1 339Saint-Hilaire-de-Villefranche
0%
423Saint-Hymetière-sur-Valouse
0%
934Saintigny
0%
4 890Saint-James
0%
1 265Saint-Jean-de-Galaure
0%
2 532Saint-Jean-d'Elle
0%
308Saint-Julien-d'Intres
0%
311Saint-Julien-Innocence-Eulalie
0%
180Saint-Laurent-les-Bains-Laval-d'Aurelle
0%
3 804Saint-Léger-de-Linières
0%
1 588Saint-Marc-le-Blanc
0%
1 732Saint Martin de l'If
0%
5 916Saint-Martin-lez-Tatinghem
0%
880Saint Maurice Étusson
0%
1 347Saint-Pardoux-le-Lac
0%
1 867Saint-Pardoux-Soutiers
0%
2 096Saint-Paterne - Le Chevain
0%
984Saint-Paul-Flaugnac
0%
7 288Saint-Pierre-en-Auge
0%
1 508Saint-Pierre-la-Noue
0%
397Saint-Privat-d'Allier
0%
1 120Saint Privat en Périgord
0%
3 362Saint-Sauveur-Villages
0%
1 096Saints-Geosmes
0%
93Saligos
0%
976Salins-Fontaine
0%
1 345Sancey
0%
4 674Sanilhac
0%
958Sap-en-Auge
0%
860Sarroux - Saint Julien
0%
2 835Sartilly-Baie-Bocage
0%
1 735Senillé-Saint-Sauveur
0%
497Sépeaux-Saint Romain
0%
809Septmoncel les Molunes
0%
767Servance-Miellin
0%
1 304Seulline
0%
479Seveux-Motey
0%
427Solaure en Diois
0%
1 524Sommerau
0%
1 612Sorges et Ligueux en Périgord
0%
8 745Souleuvre en Bocage
0%
3 077Sourdeval
0%
1 333Sousceyrac-en-Quercy
0%
1 392Spechbach
0%
141Surjoux-Lhopital
0%
1 293Sylvains-Lès-Moulins
0%
1 508Tarcenay-Foucherans
0%
1 548Tart
0%
1 732Terre-de-Bancalié
0%
1 304Terre-et-Marais
0%
1 548Terres de Bord
0%
4 208Terres-de-Caux
0%
895Terres de Druance
0%
2 223Tessy-Bocage
0%
8 384Téteghem-Coudekerque-Village
0%
1 009Thénouville
0%
1 787Thèreval
0%
702Theuville
0%
5 869Thizy-les-Bourgs
0%
831Thoirette-Coisia
0%
226Thoras
0%
6 169Thue et Mue
0%
4 884Tinchebray-Bocage
0%
953Tirepied-sur-Sée
0%
118Tollaincourt
0%
4 439Torigny-les-Villes
0%
1 663Tourneville-sur-Mer
0%
3 023Tourouvre au Perche
0%
1 042Treigny-Perreuse-Sainte-Colombe
0%
1 360Treis-Sants-en-Ouche
0%
466Trenal
0%
1 896Trie-Château
0%
1 495Trois-Rivières
0%
4 389Truchtersheim
0%
1 667Tuffé Val de la Chéronne
0%
800Vaire
0%
4 828Vair-sur-Loire
0%
1 682Valambray
0%
1 418Val-d'Aigoual
0%
5 699Valdallière
0%
2 012Val-d'Arc
0%
970Val d'Arcomie
0%
2 420Val d'Arry
0%
796Val-d'Auge
0%
1 329Val-de-Bonnieure
0%
3 479Val-de-Cognac
0%
1 014Val-de-Comporté
0%
734Val-de-Dagne
0%
888Val de Drôme
0%
161Val de Lambronne
0%
810Valdelaume
0%
1 793Val-de-Livenne
0%
598Val de Livre
0%
1 590Val de Louyre et Caudeau
0%
5 031Val-de-Moder
0%
310Val-d'Épy
0%
4 946Val d'Erdre-Auxence
0%
2 526Val-de-Scie
0%
543Val-de-Sos
0%
512Val-de-Vie
0%
1 535Val-de-Virieu
0%
3 705Val de Virvée
0%
1 000Val d'Issoire
0%
4 155Val d'Oingt
0%
1 691Val-d'Oire-et-Gartempe
0%
992Val d'Orger
0%
108Val d'Oronaye
0%
2 790Val d'Oust
0%
582Val-du-Faby
0%
967Val-du-Maine
0%
1 082Val-du-Mignon
0%
2 112Val-d'Usiers
0%
2 027Val en Vignes
0%
312Valforêt
0%
939Val-Fouzon
0%
4 180Valgelon-La Rochette
0%
1 021Valherbasse
0%
581Vallées en Champagne
0%
2 618Vallières-sur-Fier
0%
248Val-Mont
0%
2 491Valorbiquet
0%
1 755Valravillon
0%
2 500Val-Revermont
0%
942Val-Sonnette
0%
782Val Suran
0%
456Valzin en Petite Montagne
0%
6 091Vaugneray
0%
532Vaux d'Amognes
0%
260Ventalon en Cévennes
0%
1 241Vermenton
0%
572Vêtre-sur-Anzon
0%
5 990Vexin-sur-Epte
0%
809Vézelin-sur-Loire
0%
1 072Vicq-sur-Mer
0%
987Villegusien-le-Lac
0%
1 082Villemaréchal
0%
2 203Villeneuve-en-Perseigne
0%
2 784Villeneuve-sur-Aisne
0%
874Villentrois-Faverolles-en-Berry
0%
719Villers-Saint-Frambourg-Ognon
0%
1 118Vimartin-sur-Orthe
0%
392Vincent-Froideville
0%
5 282Vindry-sur-Turdine
0%
185Vosbles-Valfin
0%
1 124Voulmentin
0%
4 016Vouziers
0%
3 540Vrigne aux Bois
0%
2 338Wingersheim les Quatre Bans
0%

Distribution des résultats

Percentile par nombre de réponses

% des personnes avec chaque résultat

Votre développement - résultats

Vous n’avez pas pris ce quiz